00635nam a22002057a 450000500170000001000140001702000260003103500130005703700130007008200100008310000170009324501520011026000560026227000450031830000230036350000190038670000180040570000030042370000030042620100727120948.0 aENG-96943 a9788190704014c100.00 aEN-80476 bDBAD/PUB a770.1 aRother, Milk aLearing to see :cby Milke Rother and John Shook ; foreword by Jim Womack and Dan Jones / bvalue-stream mapping to create value and eliminate muda aNew DelhibLean Management Institute of Indiac2009 a3-6-752 HimayatnagarbHyderabad e500029 a102 p.c24cm (Pbk) aIncludes index aHodges, Sarah